00241nam a2200097Ia 4500008004100000100001600041245003900057260003100096300000800127650000800135191201s2007 xx 000 0 und d aSINGH, S.K. 0aBasics of Economics and Management aN. DelhibBharat Pubc2007 a376 aMBA